| 000 | 00810nam a2200313 i 4500 | ||
|---|---|---|---|
| 001 | bgj | ||
| 100 | 1 |
_aAUSTEN, Jane _d(1775-1817). |
|
| 245 | 1 | 0 |
_aPride and Prejudice / _cJane Austen ; retold by Clare West. |
| 260 |
_aOxford (GB) : _bOxford University Press, _c1996. |
||
| 300 |
_a108 pp : _bill. ; _c20 cm. |
||
| 490 | 1 |
_aOxford Bookworms ; _v6 |
|
| 650 | 9 | _aSocial classes | |
| 650 | 9 | _aYoung women | |
| 650 | 9 | _aYoung women | |
| 650 | 9 | _aCourtship | |
| 650 | 9 | _aSisters | |
| 650 | 9 | _aDomestic fiction | |
| 650 | 9 | _aLove stories | |
| 651 | 9 | _aEngland | |
| 655 | _aFiction | ||
| 700 | 1 | _aWEST, Clare | |
| 830 | _aOxford Bookworms ; | ||
| 020 | _a0194227103 | ||
| 040 | _cBPK | ||
| 041 | 0 | _aeng | |
| 920 | _a0-19-422710-3 | ||
| 942 | _cKS | ||
| 008 | s uk f |000 0 eng | ||
| 999 |
_c48567 _d48567 |
||
| 856 |
_uhttp://koha.tu.koszalin.pl/cgi-bin/koha/opac-detail.pl?biblionumber=48567 _yKatalog online BPK |
||